Методы оценки надежности по результатам испытаний по сокращенным программам: материалы лекций, прочитанных на семинаре по надежности и прогрессивным методам контроля качества продукции в Политехническом музее)

Bibliographic Details
Main Author: Лейфер Л. А. Лев Абрамович
Corporate Authors: Всесоюзное общество "Знание", Политехнический музей
Language:Russian
Published: Москва, Знание, 1971
Subjects:
Format: Book
KOHA link:https://koha.lib.tpu.ru/cgi-bin/koha/opac-detail.pl?biblionumber=140628

MARC

LEADER 00000nam0a2200000 4500
001 140628
005 20231101220850.0
035 |a (RuTPU)RU\TPU\book\152350 
090 |a 140628 
100 |a 20080703d1971 m y0rusy50 ca 
101 0 |a rus 
102 |a RU 
105 |a a j 000zy 
200 1 |a Методы оценки надежности по результатам испытаний по сокращенным программам  |e материалы лекций, прочитанных на семинаре по надежности и прогрессивным методам контроля качества продукции в Политехническом музее)  |f Л. А. Лейфер  |g Всесоюзное общество "Знание" ; Политехнический музей 
210 |a Москва  |c Знание  |d 1971 
215 |a 72 с.  |c ил. 
320 |a Библиогр.: с. 70-71. 
610 1 |a техника 
610 1 |a надежность 
610 1 |a показатели 
610 1 |a априорные оценки 
610 1 |a экспериментальная оценка 
610 1 |a сокращенные испытания 
610 1 |a теорема Байеса 
610 1 |a лекции 
610 1 |a учебные пособия 
675 |a 621-192(075)  |v 3 
700 1 |a Лейфер  |b Л. А.  |g Лев Абрамович 
712 0 2 |a Всесоюзное общество "Знание"  |c (1963-1991)  |c (Москва)  |2 stltpush  |3 (RuTPU)RU\TPU\col\9744  |9 24745 
712 0 2 |a Политехнический музей  |2 stltpush  |3 (RuTPU)RU\TPU\col\9745  |9 24746 
801 1 |a RU  |b 63413507  |c 20080703  |g PSBO 
801 2 |a RU  |b 63413507  |c 20090512  |g PSBO 
942 |c BK